Transition : making sense of the digital age /

Gorde:
Xehetasun bibliografikoak
Egile nagusia: Oon, Yeoh (Egilea)
Formatua: Liburua
Hizkuntza:English
Argitaratua: Kuala Lumpur : Asia Pasific Consulating, 2004.
Gaiak:
Etiketak: Etiketa erantsi
Etiketarik gabe, Izan zaitez lehena erregistro honi etiketa jartzen!
LEADER 01110cam a2200277 i 4500
001 u54729
003 SIRSI
005 20210114114604.0
008 110131 eng
020 |a 9832992001  |q pbk. 
050 |a TK7868.D5   |b .O56 2004 
100 1 |a Oon, Yeoh. ,  |e author  |9 160684 
245 1 0 |a Transition :  |b making sense of the digital age /  |c Onn Yeoh. 
264 1 |a Kuala Lumpur :  |b Asia Pasific Consulating,  |c 2004. 
300 |a xii, 260 pages ;  |c 21 cm. 
336 |a text  |b txt  |2 rdacontent 
337 |a unmediated  |b n  |2 rdamedia 
338 |a volume  |b nc  |2 rdacarrier 
596 |a 1 
650 0 |a Digital electronics.  |9 487 
942 |c BOOK_OA 
997 |a 98706; 98707 
998 |a 1  |b Shafrizan Shafferi 
999 |c 111524  |d 111524 
952 |0 0  |1 0  |2 LCC  |4 0  |6 TK7868 D5 O56 02004  |7 0  |9 200564  |a UTHM_LIB  |b UTHM_LIB  |c OPENACCS  |d 2005-03-30  |g 39.90  |l 0  |n 1  |o TK7868.D5 .O56 2004  |p 1000113149  |r 2020-12-05  |t 1  |w 2020-12-05  |y BOOK_OA 
952 |0 0  |1 0  |2 LCC  |4 0  |6 TK7868 D5 O56 02004  |7 0  |9 200565  |a UTHM_LIB  |b UTHM_LIB  |c OPENACCS  |d 2005-03-30  |g 39.90  |l 0  |o TK7868.D5 .O56 2004  |p 1000113150  |r 2020-12-05  |t 2  |w 2020-12-05  |y BOOK_OA